United Nations Organizations. : (Record no. 390)

MARC details
000 -LEADER
fixed length control field 00526cam a2200193ua 4500
001 - CONTROL NUMBER
control field 446
005 - DATE AND TIME OF LATEST TRANSACTION
control field 20260515113151.0
008 - FIXED-LENGTH DATA ELEMENTS--GENERAL INFORMATION
fixed length control field 110406n ii |||gr||||Z||||||eng
040 ## - CATALOGING SOURCE
Transcribing agency MAIN
082 ## - DEWEY DECIMAL CLASSIFICATION NUMBER
Classification number 341.23
245 ## - TITLE STATEMENT
Title United Nations Organizations. :
Remainder of title Critical study. /
Statement of responsibility, etc. By Umesh Chandra Shukla.
250 ## - EDITION STATEMENT
Edition statement 1st.
260 ## - PUBLICATION, DISTRIBUTION, ETC.
Place of publication, distribution, etc. Aminabad.:
Name of publisher, distributor, etc. Prakashan kendra.,969.
300 ## - PHYSICAL DESCRIPTION
Extent 184 p.:5 cm.
653 ## - INDEX TERM--UNCONTROLLED
Uncontrolled term Political science.
653 ## - INDEX TERM--UNCONTROLLED
Uncontrolled term United Nations Organization.
700 1# - ADDED ENTRY--PERSONAL NAME
Personal name Shukla, Umesh Chandra.,
942 ## - ADDED ENTRY ELEMENTS (KOHA)
Koha item type Books
Holdings
Withdrawn status Lost status Damaged status Not for loan Home library Current library Shelving location Date acquired Total checkouts Full call number Barcode Date last seen Copy number Price effective from Koha item type
        Naharkatiya College Library Naharkatiya College Library General stacks 09/19/2020   341.23 | SHU 86 09/19/2020 1 09/19/2020 Books